Statistics for Clayton Donaldson Career path

Click here to take the quiz!

General Stats

  • This quiz has been taken 14 times
  • The average score is 11 of 15

Answer Stats

HintAnswerAppsGoals% Correct
2014-2017Birmingham City11332
100%
2019-2021Bradford CIty558
100%
2011-2014Brentford13646
100%
2005-2007York City8541
100%
2021-2022York City338
100%
2022-Gainsborough Trinity3319
83%
2002-2005Hull City20
83%
2017-2018Sheffield United265
83%
2018-2019Bolton311
67%
2008-2011Crewe Alexandra11747
67%
2007-2008Hibernian185
67%
2004 (Loan)Halifax Town40
33%
2002-2003 (Loan)Harrogate Town62
33%
2004 (Loan)Harrogate Town83
33%
2003 (Loan)Scarborough20
17%

Score Distribution

Percentile by Number Answered

Percent of People with Each Score

Your Score History

You have not taken this quiz